Pays ayant la plus faible espérance de vie - Statistiques

Statistiques générales
  • Ce quiz a été pris 183 fois
  • Le résultat moyen est 14 sur 21
Statistiques - réponses
Années Pays % Correct
62,6 République démocratique du Congo
90%
56,5 Somalie
87%
63,2 Mali
81%
60,9 Niger
81%
60,3 Soudan du Sud
80%
60 Tchad
80%
62,2 Nigeria
77%
56,4 République centrafricaine
71%
64,5 Guinée-Bissau
69%
63,9 Guinée équatoriale
69%
63 Bénin
65%
64,2 Cameroun
65%
60,2 Lesotho
62%
62,9 Angola
61%
59,4 Sierra Leone
60%
58,3 Mozambique
59%
64,2 Burkina Faso
58%
61,6 Liberia
58%
60,7 Eswatini
55%
54,4 Afghanistan
54%
63,2 Cote d'Ivoire
53%
Aucun quiz correspondant
Distribution des résultats
% des personnes avec chaque résultat
Percentile par nombre de réponses
Votre historique - résultats
Vous n’avez pas pris ce quiz